000 00620nam a22001937a 4500
005 20160922165949.0
010 _aENG-116088
020 _a9788182748835
_c1295.00
035 _aEN-99620
037 _bDBAD/PUB
082 _a355.03305
245 _aAsian strategic review 2016 :
_c edited by S.D. Muni [and] Vivek Chadha
_b terrosim : emerging trends /
260 _aNew Delhi
_bPentagon Press
_c2016
270 _a206,Pecock Lane Shahpur Jat
_bNew Delhi
_e110049
300 _axiv,380p :
_c23cm (Hb)
_bill
500 _aIncludes index
700 _aMuni,S.D.
942 _2ddc
_cEN
_h355.03305
_mASI
999 _c103589
_d103589